00796nam a2200193 a 450000100100000000500170001000800410002702000150006804000250008308200150010810000270012324502190015025000130036926000340038230000260041670000300044295201130047299900170058500004057820201002034228.0111004s1978 mx b r 000 0 spa d a968230167X aDO-SdBNPbspacBNPHU axxxxbxxxx1 aPané, Ramón95521210aRelación acerca de las antigüedades de los Indios :bel primer tratado escrito en América, nueva versión, con notas, mapas y apéndices. /cFray Ramón Pané ; notas, mapa y apéndice José Juan Arrom. a3ra. ed. aMéxico :bSiglo xxi,c1978. avii, 125 p. ;c19 cm.1 aArrom, José Juan938701 001050718MOaGRbGRcCTd2013-09-02iLF1l0oxxxx xxxxp40578-10r2020-06-25w2020-06-25y1ZNo se presta c40068d40068